Thaumasite: expert group reports (Record no. 72061)

MARC details
000 -LEADER
fixed length control field 00857cam a2200205 4500
001 - CONTROL NUMBER
control field X121250
008 - FIXED-LENGTH DATA ELEMENTS--GENERAL INFORMATION
fixed length control field 030205n2003 000 0 eng u
035 ## - SYSTEM CONTROL NUMBER
System control number (Sirsi) u121250
245 ## - TITLE STATEMENT
Title Thaumasite: expert group reports
260 ## - PUBLICATION, DISTRIBUTION, ETC.
Date of publication, distribution, etc. 2003
490 ## - SERIES STATEMENT
Series statement ODPM News Release
Volume/sequential designation 4 February 2003, (1)
520 ## - SUMMARY, ETC.
Summary, etc. Thaumasite expert group reports back on the nature and threat of the thaumasite form of sulphate attack and to provide guidance on its avoidance. There are two reports, the one year review: http://www.safety.odpm.gov.uk/bregs/tegreports/pdf/teg-mar-2000.pdf and the three year report: http://www.safety.odpm.gov.uk/bregs/tegreports/pdf/teg-mar-2002.pdf
590 ## - LOCAL NOTE (RLIN)
Local note WB
650 ## - SUBJECT ADDED ENTRY--TOPICAL TERM
Topical term or geographic name entry element THAUMASITE
650 ## - SUBJECT ADDED ENTRY--TOPICAL TERM
Topical term or geographic name entry element THAUMASITE EXPERT GROUP
650 ## - SUBJECT ADDED ENTRY--TOPICAL TERM
Topical term or geographic name entry element SULPHATE ATTACK
650 ## - SUBJECT ADDED ENTRY--TOPICAL TERM
Topical term or geographic name entry element TRANSPORT
690 ## - LOCAL SUBJECT ADDED ENTRY--TOPICAL TERM (OCLC, RLIN)
Topical term or geographic name as entry element Health and safety
9 (RLIN) 6244
942 ## - ADDED ENTRY ELEMENTS (KOHA)
Suppress in OPAC 0
Holdings
Withdrawn status Lost status Source of classification or shelving scheme Damaged status Not for loan Home library Current library Shelving location Date acquired Total Checkouts Full call number Barcode Date last seen Copy number Price effective from Koha item type
    Dewey Decimal Classification     London London News article 05/02/2003   X121250 121250-1001 06/08/2019 1 06/08/2019 News article